Jueguemos a conocer el mundo : (Record no. 33592)
[ view plain ]
| 000 -CABECERA | |
|---|---|
| campo de control de longitud fija | 00461nam a2200145 a 4500 |
| 005 - FECHA Y HORA DE LA ÚLTIMA TRANSACCIÓN | |
| campo de control | 20210223122330.0 |
| 008 - ELEMENTOS DE LONGITUD FIJA--INFORMACIÓN GENERAL | |
| campo de control de longitud fija | 991125s1986 mx 000 0 spa u |
| 035 ## - NÚMERO DE CONTROL DEL SISTEMA | |
| Número de control de sistema | UPN01000033592 |
| 049 ## - COLECCIÓN | |
| Colección | AV |
| 245 00 - MENCIÓN DE TÍTULO | |
| Título | Jueguemos a conocer el mundo : |
| Resto del título | Independencia de México [videograbación] / |
| Mención de responsabilidad, etc. | prod. Eduardo Ortíz |
| 260 ## - PUBLICACIÓN, DISTRIBUCIÓN, ETC. | |
| Lugar de publicación, distribución, etc. | México : |
| Nombre del editor, distribuidor, etc. | UTEC, |
| Fecha de publicación, distribución, etc. | 1986 |
| 300 ## - DESCRIPCIÓN FÍSICA | |
| Extensión | 1 cassete (Beta) (30 min. |
| 651 #4 - ASIENTO SECUNDARIO DE MATERIA - NOMBRE GEOGRAFICO | |
| Nombre geográfico | MEXICO - |
| Subdivisión general | HISTORIA - |
| Subdivisión cronológica | HASTA 1810 |
| 9 (RLIN) | 13355 |
| 905 ## - TIPO DE MATERIAL | |
| Tipo de material | Libro |
| Estado de retiro | Estado de pérdida | Fuente del sistema de clasificación o colocación | Estado dañado | No para préstamo | Código de colección | Localización permanente | Ubicación/localización actual | Ubicación en estantería | Fecha de adquisición | Enumeración/cronología de publicación seriada | Código de barras | Fecha visto por última vez | Número de copia | Tipo de ítem Koha | Nota pública |
|---|---|---|---|---|---|---|---|---|---|---|---|---|---|---|---|
| Library of Congress Classification | Audiovisuales | Bib. Gregorio Torres Quintero | Bib. Gregorio Torres Quintero | Audiovisual | 31/01/2023 | - | 0031a | 31/12/2020 | 1 | Libro | La biblioteca no cuenta con el equipo de reproducción. |
